Sales And Distribution Management: (Record no. 213698)

MARC details
000 -LEADER
fixed length control field 00770nam a22002177a 4500
005 - DATE AND TIME OF LATEST TRANSACTION
control field 20251030160613.0
010 ## - LCCN (DPL NO)
LC control number ENG-147045
020 ## - INTERNATIONAL STANDARD BOOK NUMBER
Terms of availability 1050.00
International Standard Book Number 9789364444460
035 ## - SYSTEM CONTROL NUMBER
System control number EN-130577
037 ## - SOURCE OF ACQUISITION
Source of stock number/acquisition DBAD
082 ## - DEWEY DECIMAL CLASSIFICATION NUMBER
Classification number 658.81
Edition number 4
100 ## - MAIN ENTRY--PERSONAL NAME
Personal name Krishna K. Havaldar
245 00 - TITLE STATEMENT
Title Sales And Distribution Management:
Remainder of title Leveraging Emerging Technologies/
Statement of responsibility, etc Krishna K. Havaldar: Vasant M. Cavale [and] Subrata K. Nandi
250 ## - EDITION STATEMENT
Edition statement 4
260 ## - PUBLICATION, DISTRIBUTION, ETC. (IMPRINT)
Place of publication, distribution, etc Chennai
Name of publisher, distributor, etc McGraw Hill Education
Date of publication, distribution, etc 2025
270 ## - ADDRESS
Address Anjana Complex No. 5/90 A, Butt Road, St Thomas Mount
City Chennai
Postal code 600016
300 ## - PHYSICAL DESCRIPTION
Extent xxix, 801p.
Dimensions 24cm(pb)
700 ## - ADDED ENTRY--PERSONAL NAME
Personal name Cavale Vasant M.
Relator term Author
9 (RLIN) 85590
700 ## - ADDED ENTRY--PERSONAL NAME
Personal name Nandi, Subrata K.
Relator term Author
9 (RLIN) 85591
942 ## - ADDED ENTRY ELEMENTS (KOHA)
Source of classification or shelving scheme Dewey Decimal Classification
Item type English Books
Call number suffix HAV
Classification part 658.81
Holdings
Withdrawn status Lost status Not for loan Collection code Home library Current library Date acquired Source of acquisition Cost, normal purchase price Full call number Barcode Copy number Cost, replacement price Koha item type
    Not For Loan Non-fiction D.B.Act.Division D.B.Act.Division 30/10/2025 Delivery of Books Act Division 1050.00 HAV 658.81 EN-130577 1 1050.00 English Books

© Delhi Public Library
Hit Counter
free hit counter